000 00691nam a2200217 i 4500
001 26566
003 ES-MaACL
005 20250905131223.0
007 t|
008 030109s1982 sp ||||1| spa d
020 _a84-85933-10-9
100 1 _aArrabal, Fernando,
_d1932-
_923204
245 1 0 _aInquisición /
_cFernando Arrabal ; edición y prólogo por Angel Berenguer.
260 _aGranada :
_bDon Quijote,
_c1982.
300 _a102 p. ;
_c20 cm.
490 1 _aLos libros de Maese Pedro ;
_v1
700 1 _aBerenguer, Ángel,
_d1943-
_927879
830 0 _aLos libros de Maese Pedro ;
_v1
_9229174
852 _aES-MaACL
_jL-11273
_bR.113030
999 _c26566
_d26566